000 00870nam0a22002771 4500
001 RU\NLR\INFOCOMM5\ROSSICA\1000296172
005 20250613191743.0
035 _a(NLR Aleph) 009940007
090 _a10758162
_c10758162
100 _a20030521d1843 |||y0rusy50 ca
101 0 _ager
102 _aRU
105 _ay ||||000ay
200 1 _aHerrn Latkin's Nachrichten von dem nord-östlichen Theile des Archangelschen Couvernements
_fPeter v. Köppen
210 _aSt.Petersburg
_d1843
215 _d
600 1 _aLatkin
_2PSBO
700 1 _9z01790
_aKeppen
_bP.I.
_cрос. статистик, этнограф
_f1793-1864
_gPetr Ivanovič
_4070
790 1 _9z01700
_aKöppen
_bP.von
_gPeter von
_4070
801 1 _aRU
_bInfoComm
_c20030521
801 0 _aRU
_bNLR
_gPSBO
852 _aNLR
_j13.6.2.692
942 _cBOOK
980 _aNB
980 _aRossica